[Event "Mistrzostwa Woj. Podkarpackiego w szachach na 2017 r."]
[Site "Sedziszow Malopolski, Rzeszow"]
[Date "1899-12-30"]
[Round "6.1"]
[White "Oklejewicz, Krzysztof"]
[Black "Marszalek, Maciej"]
[Result "0-1"]
[WhiteTitle "I"]
[BlackTitle "m"]
[WhiteElo "1662"]
[BlackElo "2296"]

1. g3 Nf6 2. Bg2 d5 3. f4 c5 4. Nf3 Nc6 5. d4 Bf5 6. c3 e6 7. Nbd2 Be7 8. Ne5 cxd4
9. Nxc6 bxc6 10. cxd4 O-O 11. O-O Qb6 12. e3 c5 13. Nb3 Rac8 14. h3 Be4 15. g4
Bxg2 16. Kxg2 Ne4 17. dxc5 Bxc5 18. Nxc5 Rxc5 19. Qd4 Rfc8 20. b3 Rc2+ 21. Kg1
Qxd4 22. exd4 Ng3 23. Ba3 Nxf1 24. Kxf1 Rh2 25. Bc5 Rh1+ 0-1

[Event "Mistrzostwa Woj. Podkarpackiego w szachach na 2017 r."]
[Site "Sedziszow Malopolski, Rzeszow"]
[Date "1899-12-30"]
[Round "6.2"]
[White "Lach, Tomasz"]
[Black "Kasperek, Ryszard"]
[Result "1/2-1/2"]
[WhiteTitle "I"]
[BlackTitle "m"]
[WhiteElo "1777"]
[BlackElo "2120"]

1. d4 Nf6 2. Nc3 d6 3. e4 e5 4. dxe5 dxe5 5. Qxd8+ Kxd8 6. Bc4 Be6 7. Bxe6 fxe6
8. Bg5 c6 9. O-O-O Kc7 10. f3 a5 11. Be3 Nbd7 12. Nh3 Bc5 13. Bxc5 Nxc5 14. Nf2
g5 15. h4 h6 16. hxg5 hxg5 17. Rxh8 Rxh8 18. Rh1 Rxh1+ 19. Nxh1 g4 20. Nf2 gxf3
21. gxf3 Kd6 22. Kd2 b5 23. Ne2 Nfd7 24. Nc1 Nb6 25. b3 Na6 26. Ncd3 c5 27. Ng4
Nd7 28. a3 Nab8 29. Ne3 Nb6 30. Nb2 Nc6 31. c3 Ke7 32. a4 1/2-1/2

[Event "Mistrzostwa Woj. Podkarpackiego w szachach na 2017 r."]
[Site "Sedziszow Malopolski, Rzeszow"]
[Date "1899-12-30"]
[Round "6.3"]
[White "Dzwierzynski, Bartosz"]
[Black "Skiba, Krzysztof"]
[Result "1/2-1/2"]
[WhiteTitle "I"]
[BlackTitle "I"]
[WhiteElo "1752"]
[BlackElo "1728"]

1. d4 Nf6 2. c4 g6 3. Nc3 Bg7 4. e4 d6 5. Nf3 O-O 6. Be2 e5 7. O-O Nc6 8. d5 Ne7
9. Ne1 Ne8 10. f3 f5 11. g4 f4 12. Rf2 g5 13. Nd3 Ng6 14. b4 Nf6 15. c5 Nh4 16.
a4 Rf7 17. b5 Bf8 18. a5 h5 19. h3 Qe8 20. Ba3 Rh7 21. b6 hxg4 22. hxg4 axb6 23.
axb6 Qg6 24. Rh2 Bxg4 25. fxg4 Nxe4 26. Nxe4 Qxe4 27. Nf2 Qe3 28. Qd3 Qxd3 29.
Nxd3 e4 30. Ne1 Bg7 31. Ra2 Bd4+ 32. Kf1 Bxc5 33. bxc7 Rxc7 34. Bxc5 Rxa2 35.
Bxd6 Rc1 36. Rxh4 f3 37. Rh2 fxe2+ 38. Rxe2 Ra5 39. Rxe4 Rxd5 40. Be7 Kf7 41.
Kf2 Rd2+ 42. Kf1 Rd5 43. Ke2 b5 44. Nf3 Rc2+ 45. Ke3 Rc3+ 46. Kf2 Rc2+ 47. Kg3
Rc3 48. Kf2 Rc2+ 49. Kg3 Rc3 50. Kf2 Rc2+ 51. Kg3 Rc3 52. Rb4 Rdd3 53. Re4 Rd4
54. Ne1 Rd5+ 55. Kf2 Rc1 56. Kf1 1/2-1/2

[Event "Mistrzostwa Woj. Podkarpackiego w szachach na 2017 r."]
[Site "Sedziszow Malopolski, Rzeszow"]
[Date "1899-12-30"]
[Round "6.4"]
[White "Pulik, Krzysztof"]
[Black "Kielb, Miroslaw"]
[Result "1-0"]
[WhiteTitle "k"]
[BlackTitle "II"]
[WhiteElo "2149"]
[BlackElo "1321"]

1. e4 e5 2. Nf3 Nc6 3. Bc4 Bc5 4. c3 Nf6 5. d3 d6 6. Bb3 Bg4 7. Nbd2 O-O 8. h3
Bh5 9. Nf1 d5 10. Qe2 d4 11. g4 Bg6 12. Ng3 Qd6 13. O-O Rad8 14. c4 h6 15. Nh4
Bh7 16. g5 hxg5 17. Bxg5 Ne7 18. Kh2 Ng6 19. Nhf5 Qe6 20. Bxf6 Qxf6 21. Nh5 Qc6
22. Rg1 Kh8 23. Nfxg7 Rg8 24. Nf5 Nf4 25. Nxf4 exf4 26. Qh5 Rg6 27. Rxg6 fxg6
28. Qg5 Rf8 29. Rg1 Qf6 30. Nh4 Bd6 31. Qxf6+ Rxf6 32. Nf3 Rf8 33. Rg5 Be7 34.
Rd5 Bg8 35. Rd7 Bd6 36. c5 Bxb3 37. cxd6 Be6 38. Re7 Bxa2 39. dxc7 Bg8 40. Nxd4
Rc8 41. Nb5 a5 42. Nd6 Ra8 43. c8=Q Rxc8 44. Nxc8 b5 45. d4 b4 46. d5 Bxd5 47.
exd5 a4 48. d6 a3 49. d7 axb2 50. d8=R# 1-0

[Event "Mistrzostwa Woj. Podkarpackiego w szachach na 2017 r."]
[Site "Sedziszow Malopolski, Rzeszow"]
[Date "1899-12-30"]
[Round "6.5"]
[White "Lach, Mateusz"]
[Black "Gluch, Pawel"]
[Result "1-0"]
[WhiteTitle "II+"]
[BlackTitle "II+"]
[WhiteElo "1560"]
[BlackElo "1487"]

1. d4 Nf6 2. Bf4 d6 3. e3 g6 4. Bc4 Bg7 5. Nf3 O-O 6. O-O Nbd7 7. c3 Nh5 8. Bg3
Nxg3 9. hxg3 e5 10. a3 a5 11. Nbd2 Nb6 12. Ba2 Kh8 13. Nc4 Nxc4 14. Bxc4 Bg4 15.
Be2 f5 16. Nd2 Bxe2 17. Qxe2 Re8 18. dxe5 Bxe5 19. Qd3 Qe7 20. Rfe1 Rad8 21. Kf1
Qg5 22. Qc4 Qe7 23. Qd5 b6 24. f4 Bf6 25. e4 Qe6 26. Qxe6 Rxe6 27. exf5 Rxe1+
28. Rxe1 gxf5 29. Nc4 Kg7 30. Ne3 Kg6 31. Nd5 c6 32. Nxb6 Rb8 33. Na4 Kf7 34.
Kf2 c5 35. Rd1 Be7 36. Ke3 Rg8 37. Kf3 h5 38. Rh1 Kg6 39. Nb6 Rb8 40. Nd5 Bf8
41. b4 cxb4 42. cxb4 axb4 43. axb4 Rb5 44. Rd1 Kf7 45. Ke3 Bg7 46. Rd3 Rb7 47.
Kd2 Bf8 48. Kc2 Ke8 49. Kb3 Kd7 50. Kc4 Kc6 51. Ra3 Bh6 52. Ra8 Rg7 53. Ra6+ Kd7
54. Ra7+ Kd8 55. Rxg7 Bxg7 56. Ne3 Bf8 1-0

[Event "Mistrzostwa Woj. Podkarpackiego w szachach na 2017 r."]
[Site "Sedziszow Malopolski, Rzeszow"]
[Date "1899-12-30"]
[Round "7.1"]
[White "Marszalek, Maciej"]
[Black "Pulik, Krzysztof"]
[Result "1/2-1/2"]
[WhiteTitle "m"]
[BlackTitle "k"]
[WhiteElo "2296"]
[BlackElo "2149"]

1. d4 d5 2. c4 e6 3. Nc3 c5 4. cxd5 exd5 5. Nf3 Nc6 6. g3 Nf6 7. Bg2 Be7 8. O-O
O-O 9. dxc5 Bxc5 10. Na4 Be7 11. Be3 Re8 12. Rc1 Bg4 13. Nc5 Qb6 14. Na4 Qd8 15.
Nc5 Qb6 16. Na4 Qd8 1/2-1/2

[Event "Mistrzostwa Woj. Podkarpackiego w szachach na 2017 r."]
[Site "Sedziszow Malopolski, Rzeszow"]
[Date "1899-12-30"]
[Round "7.2"]
[White "Kasperek, Ryszard"]
[Black "Oklejewicz, Krzysztof"]
[Result "1-0"]
[WhiteTitle "m"]
[BlackTitle "I"]
[WhiteElo "2120"]
[BlackElo "1662"]

1. e4 d6 2. d4 Nf6 3. Nc3 g6 4. f4 Bg7 5. Nf3 O-O 6. Be3 c6 7. Bd3 Nbd7 8. h3 Re8
9. e5 dxe5 10. fxe5 Nd5 11. Nxd5 cxd5 12. O-O Nf8 13. Qd2 Ne6 14. c4 b6 15. cxd5
Qxd5 16. Rac1 Bb7 17. Bc4 Qd7 18. d5 Nc7 19. Ng5 Rf8 20. d6 Ne6 21. Rxf7 Nc7 22.
Rff1+ exd6 23. Rf7 Rxf7 24. Bxf7+ Kh8 25. Qxd6 Qxd6 26. exd6 Nb5 27. d7 Rd8 28.
Be6 Nd6 29. Bf4 Bd4+ 30. Kh2 1-0

[Event "Mistrzostwa Woj. Podkarpackiego w szachach na 2017 r."]
[Site "Sedziszow Malopolski, Rzeszow"]
[Date "1899-12-30"]
[Round "7.3"]
[White "Dzwierzynski, Bartosz"]
[Black "Lach, Tomasz"]
[Result "1-0"]
[WhiteTitle "I"]
[BlackTitle "I"]
[WhiteElo "1752"]
[BlackElo "1777"]

1. d4 d5 2. c4 c6 3. Nf3 Nf6 4. Nc3 a6 5. e3 b5 6. b3 Bg4 7. Be2 e6 8. Ne5 Bxe2
9. Qxe2 Bb4 10. Bd2 Qc8 11. c5 Nbd7 12. Nxd7 Qxd7 13. Nb1 Bxd2+ 14. Nxd2 O-O 15.
O-O Qc7 16. a4 e5 17. dxe5 Qxe5 18. Nf3 Qc3 19. Nd4 Rac8 20. Rfc1 Qb4 21. Qe1
Qxe1+ 22. Rxe1 Ne4 23. b4 a5 24. bxa5 Nxc5 25. axb5 cxb5 26. Nxb5 Nb3 27. Ra3
Nd2 28. a6 Rc5 29. a7 Ra8 30. Nd4 Rc7 31. Rea1 Nc4 32. Rb3 Rcc8 33. Nc6 Kf8 34.
Rb8 Nd6 35. Rxa8 Rxa8 36. Rb1 Nc8 37. Rb8 Rxa7 38. Rxc8# 1-0

[Event "Mistrzostwa Woj. Podkarpackiego w szachach na 2017 r."]
[Site "Sedziszow Malopolski, Rzeszow"]
[Date "1899-12-30"]
[Round "7.4"]
[White "Skiba, Krzysztof"]
[Black "Lach, Mateusz"]
[Result "1-0"]
[WhiteTitle "I"]
[BlackTitle "II+"]
[WhiteElo "1728"]
[BlackElo "1560"]

1. d4 e6 2. e3 f5 3. f4 Nf6 4. Nf3 g6 5. Be2 Bg7 6. O-O O-O 7. Bd2 d6 8. c3 Re8
9. Be1 Nbd7 10. Bh4 c6 11. Qb3 Qb6 12. Bc4 Qxb3 13. Bxb3 h6 14. Nbd2 Kh7 15. h3
b6 16. Rfe1 Ba6 17. e4 Nxe4 18. Nxe4 fxe4 19. Rxe4 e5 20. fxe5 dxe5 21. Rae1 Bd3
22. R4e3 e4 23. Nd2 Bf6 24. Bxf6 Nxf6 25. Bf7 Re7 26. Rxd3 Rxf7 27. Nxe4 Nxe4
28. Rxe4 Raf8 29. Rde3 Rf1+ 30. Kh2 h5 31. Re7+ Kh6 32. Re2 h4 33. R2e4 g5 34.
R4e6+ R8f6 35. Rxf6+ Rxf6 36. Kg1 a5 37. Re5 Kg6 38. b3 Kh6 39. c4 Rd6 40. d5
cxd5 41. Rxd5 Rf6 42. a3 Kg6 43. b4 axb4 44. axb4 Rf4 45. Rd6+ Kh5 46. Rxb6 Rxc4
47. Rb8 Rc1+ 48. Kf2 Rc3 49. b5 Rb3 50. Rb6 Rb2+ 51. Kf3 Rb3+ 52. Ke4 Rb2 53.
Rb8 Rxg2 54. b6 Re2+ 55. Kf3 Re7 56. b7 Rh7 57. Ke4 Re7+ 58. Kf5 Rf7+ 59. Ke5
Re7+ 60. Kf6 Rh7 61. Rg8 Rh6+ 62. Kf5 Rb6 63. Rh8+ 1-0

[Event "Mistrzostwa Woj. Podkarpackiego w szachach na 2017 r."]
[Site "Sedziszow Malopolski, Rzeszow"]
[Date "1899-12-30"]
[Round "7.5"]
[White "Wozniak, Grzegorz"]
[Black "Biesiadecki, Adam"]
[Result "0-1"]
[WhiteTitle "I"]
[BlackTitle "II"]
[WhiteElo "1753"]
[BlackElo "1144"]

1. d4 d5 2. Nf3 Nf6 3. e3 Nc6 4. c3 Bg4 5. Nbd2 e6 6. Bb5 Bd6 7. Qa4 Qd7 8. Ne5
Bxe5 9. dxe5 Ne4 10. Nxe4 dxe4 11. Qxe4 Qd1# 0-1

[Event "Mistrzostwa Woj. Podkarpackiego w szachach na 2017 r."]
[Site "Sedziszow Malopolski, Rzeszow"]
[Date "1899-12-30"]
[Round "8.1"]
[White "Skiba, Krzysztof"]
[Black "Marszalek, Maciej"]
[Result "0-1"]
[WhiteTitle "I"]
[BlackTitle "m"]
[WhiteElo "1728"]
[BlackElo "2296"]

1. d4 Nf6 2. e3 c5 3. c3 g6 4. Bd3 Bg7 5. f4 O-O 6. Nf3 b6 7. O-O cxd4 8. cxd4
Bb7 9. Nc3 d5 10. f5 Nbd7 11. fxg6 hxg6 12. Qc2 Rc8 13. Ng5 e5 14. Nxf7 Rxf7 15.
Bxg6 Re7 16. Qf5 Rc6 17. h4 Nf8 18. h5 e4 19. Qg5 Nxg6 20. hxg6 Rd7 21. Rf5 Rdd6
22. Nb5 Ne8 23. Qxd8 Rxd8 24. Rf7 Ba6 25. Nc3 Rxg6 26. Rxa7 Bd3 27. Bd2 Nf6 28.
Re7 Ng4 29. Rc1 Bh6 0-1

[Event "Mistrzostwa Woj. Podkarpackiego w szachach na 2017 r."]
[Site "Sedziszow Malopolski, Rzeszow"]
[Date "1899-12-30"]
[Round "8.2"]
[White "Kasperek, Ryszard"]
[Black "Dzwierzynski, Bartosz"]
[Result "1-0"]
[WhiteTitle "m"]
[BlackTitle "I"]
[WhiteElo "2120"]
[BlackElo "1752"]

1. e4 c5 2. Nf3 d6 3. d4 cxd4 4. Nxd4 Nf6 5. Nc3 g6 6. Be3 Bg7 7. f3 Nc6 8. Qd2
O-O 9. O-O-O d5 10. exd5 Nxd5 11. Nxc6 bxc6 12. Bd4 Nxc3 13. Qxc3 Bh6+ 14. Be3
Bxe3+ 15. Qxe3 Qb6 16. Qxb6 axb6 17. Bc4 b5 18. Bb3 c5 19. a3 b4 20. axb4 cxb4
21. Kb1 Ra5 22. Rd4 Bf5 23. Rhd1 h5 24. h3 h4 25. Rd8 Rb5 26. Kc1 Ra5 27. Kb1
Rb5 28. Rxf8+ Kxf8 29. Rd4 g5 30. Rd5 Rxd5 31. Bxd5 e6 32. Bc4 Ke7 33. Kc1 Kd6
34. Kd2 Ke5 35. Bd3 Kd4 36. c3+ bxc3+ 37. bxc3+ Kc5 38. Bxf5 exf5 39. Kd3 f6 40.
c4 f4 41. Kc3 f5 42. Kd3 g4 43. Kc3 g3 44. Kd3 Kb4 45. Kd4 Kb3 46. c5 Kc2 47.
c6 Kd2 48. c7 Ke2 49. c8=Q Kf1 50. Qc2 1-0

[Event "Mistrzostwa Woj. Podkarpackiego w szachach na 2017 r."]
[Site "Sedziszow Malopolski, Rzeszow"]
[Date "1899-12-30"]
[Round "8.3"]
[White "Pulik, Krzysztof"]
[Black "Gluch, Pawel"]
[Result "1-0"]
[WhiteTitle "k"]
[BlackTitle "II+"]
[WhiteElo "2149"]
[BlackElo "1487"]

1. e4 e6 2. d4 d5 3. exd5 exd5 4. c4 Nf6 5. Nf3 Bb4+ 6. Nc3 O-O 7. Be2 c5 8. O-O
Nc6 9. Nxd5 Nxd5 10. cxd5 Qxd5 11. a3 Ba5 12. dxc5 Qxd1 13. Rxd1 Rd8 14. Bf4 Bg4
15. b4 Re8 16. Kf1 Bd8 17. h3 Bf5 18. Bd3 Bxd3+ 19. Rxd3 Bf6 20. Rad1 Rad8 21.
Rxd8 Rxd8 22. Rxd8+ Nxd8 23. Bc1 Ne6 24. Ke2 Kf8 25. Kd3 Ke7 26. Kc4 Kd7 27. Be3
a6 28. a4 g6 29. g3 Kc7 30. b5 axb5+ 31. axb5 Kd7 32. h4 h5 33. Nd4 Nxd4 34. Bxd4
Be7 35. Kd5 Kc7 36. Be5+ Kd7 37. f3 f6 38. c6+ bxc6+ 39. bxc6+ Kd8 40. Ke6 fxe5
41. c7+ 1-0

[Event "Mistrzostwa Woj. Podkarpackiego w szachach na 2017 r."]
[Site "Sedziszow Malopolski, Rzeszow"]
[Date "1899-12-30"]
[Round "8.4"]
[White "Lach, Tomasz"]
[Black "Biesiadecki, Adam"]
[Result "1-0"]
[WhiteTitle "I"]
[BlackTitle "II"]
[WhiteElo "1777"]
[BlackElo "1144"]

1. e4 c6 2. Nc3 d5 3. Nf3 e6 4. d4 dxe4 5. Nxe4 Nf6 6. Nxf6+ Qxf6 7. Bg5 Qf5 8.
Bd3 Qa5+ 9. c3 Bd6 10. Qc2 h6 11. Bh4 Nd7 12. O-O O-O 13. Rfe1 b5 14. b4 Qc7 15.
a4 bxa4 16. Rxa4 Nb6 17. Ra5 Bb7 18. Rea1 Nc8 19. Bg3 Bxg3 20. hxg3 Rd8 21. Be4
Qb8 22. Ne5 Ne7 23. Qa2 Nd5 24. Bxd5 cxd5 25. Nd3 a6 26. Nc5 Rd6 27. b5 Qc7 28.
bxa6 Bc8 29. a7 Rb6 30. Qa4 e5 31. Qe8+ Kh7 32. Qxe5 Qxe5 33. dxe5 Rc6 34. Rb1
Rc7 35. Rb8 Raxa7 36. Rxa7 Rxc5 37. Ra3 Be6 38. f4 Kg6 39. Kf2 Rc4 40. Rb4 Rc5
41. Kf3 Kh5 42. f5 Bxf5 43. g4+ Kg5 44. gxf5 Kxf5 45. Rf4+ Kxe5 46. Rxf7 g5 47.
g4 Rb5 48. Rh7 Rb6 49. Ke3 Re6 50. Ra5 Kf6+ 51. Kd3 Kg6 52. Raa7 Re4 53. Rhg7+
Kf6 54. Raf7+ Ke6 55. Re7+ 1-0

[Event "Mistrzostwa Woj. Podkarpackiego w szachach na 2017 r."]
[Site "Sedziszow Malopolski, Rzeszow"]
[Date "1899-12-30"]
[Round "8.5"]
[White "Soja, Adam"]
[Black "Oklejewicz, Krzysztof"]
[Result "0-1"]
[WhiteTitle "II+"]
[BlackTitle "I"]
[WhiteElo "1694"]
[BlackElo "1662"]

1. d4 f5 2. c4 g6 3. Nc3 Nf6 4. g3 Bg7 5. Bg2 d6 6. Nh3 O-O 7. O-O Nc6 8. f4 e6
9. e3 h6 10. Nf2 Kh7 11. a3 a5 12. b3 Ne7 13. Bb2 c6 14. Qe2 d5 15. Rac1 Qe8 16.
Na4 Rh8 17. Nb6 Ra6 18. c5 Nd7 19. Nxd7 Bxd7 20. Nd3 Qf7 21. Bc3 a4 22. b4 g5
23. h3 Qg6 24. g4 Rg8 25. Kf2 Bf6 26. Ne5 Bxe5 27. fxe5 Raa8 28. Ke1 Rgf8 29.
Kd2 Kg7 30. Rf2 Rf7 31. Rcf1 Raf8 32. Kc1 fxg4 33. Rxf7+ Rxf7 34. Rxf7+ Qxf7 35.
hxg4 Nc8 36. Be1 b5 37. Bd2 Be8 38. e4 Qf8 39. exd5 exd5 40. Kb2 Ne7 41. Be1 Qf4
42. Bf2 Bg6 43. Be3 Qg3 44. Qf3 Qxf3 45. Bxf3 Bf7 46. Kc3 Be6 47. Kd2 Kg6 48.
Ke2 Kg7 49. Kf2 Ng6 50. Kg3 Nf8 51. Be2 Bf7 52. Bd3 Bg6 53. Bf5 Bf7 54. Bf2 Be6
55. Be3 Kf7 56. Bd3 Ng6 57. Bxg6+ Kxg6 58. Kf3 h5 59. gxh5+ Kxh5 60. Kg3 Kg6 61.
Bd2 Kf5 62. Kf3 g4+ 63. Kg3 Ke4 64. Bc3 Kd3 65. Be1 Kxd4 66. Kf4 Kc4 67. Kg5 Kb3
68. Kf6 Bd7 69. Ke7 Bf5 70. Kd6 d4 71. Kxc6 d3 72. Kd6 g3 73. e6 g2 74. e7 Bg6
75. c6 g1=Q 76. c7 Qb6+ 77. Kd7 Bf5+ 78. Kd8 Qd6+ 79. Ke8 0-1

[Event "Mistrzostwa Woj. Podkarpackiego w szachach na 2017 r."]
[Site "Sedziszow Malopolski, Rzeszow"]
[Date "1899-12-30"]
[Round "9.1"]
[White "Marszalek, Maciej"]
[Black "Lach, Mateusz"]
[Result "1-0"]
[WhiteTitle "m"]
[BlackTitle "II+"]
[WhiteElo "2296"]
[BlackElo "1560"]

1. d4 e6 2. c4 f5 3. Nf3 Nf6 4. g3 g6 5. Bg2 Bg7 6. O-O O-O 7. Nc3 d6 8. Qb3 c6
9. Rd1 Qb6 10. Bf4 Qxb3 11. axb3 Rd8 12. b4 h6 13. h4 Nh5 14. b5 Nxf4 15. gxf4
d5 16. Ne5 Kh7 17. Na4 a6 18. Nb6 Ra7 19. cxd5 cxd5 20. Rdc1 Bd7 21. Nbxd7 Nxd7
22. Rc7 Bxe5 23. fxe5 Kg8 24. e3 Kf8 25. b4 Nb6 26. bxa6 Rc8 27. Rxc8+ Nxc8 28.
b5 b6 29. Rc1 Ne7 30. f3 Ke8 31. Kf2 Kd7 32. e4 Kd8 33. exd5 exd5 34. Ke3 Kd7
35. Kf4 Ke6 36. Bh3 Rd7 37. Rg1 Rc7 38. Ra1 Ra7 39. Bf1 Nc8 40. Bd3 Ne7 41. Ke3
Nc8 42. Kd2 Ne7 43. Kc3 Rc7+ 44. Kb4 Nc8 45. Ra2 Na7 46. Rg2 Rg7 47. Rg1 Rg8 48.
f4 Rg7 49. h5 g5 50. fxg5 hxg5 51. h6 Rg6 52. h7 Rh6 53. Rxg5 Rh4 54. Bxf5+ Kf7
55. Rg4 Rh2 56. Rg8 1-0

[Event "Mistrzostwa Woj. Podkarpackiego w szachach na 2017 r."]
[Site "Sedziszow Malopolski, Rzeszow"]
[Date "1899-12-30"]
[Round "9.2"]
[White "Biesiadecki, Adam"]
[Black "Kasperek, Ryszard"]
[Result "0-1"]
[WhiteTitle "II"]
[BlackTitle "m"]
[WhiteElo "1144"]
[BlackElo "2120"]

1. d4 Nf6 2. c4 e6 3. Nc3 Bb4 4. Nf3 c5 5. a3 Bxc3+ 6. bxc3 Nc6 7. Bg5 Qa5 8. Rc1
cxd4 9. Bxf6 gxf6 10. Nxd4 Nxd4 11. Qxd4 Qxa3 12. Rd1 e5 13. Qd3 Ke7 14. g3 Qc5
15. Bg2 d6 16. O-O Be6 17. Bxb7 Bxc4 18. Qd2 Rab8 19. Bd5 Bxd5 20. Qxd5 Rhc8 21.
Qxc5 Rxc5 22. Ra1 a5 23. Ra3 Rb2 24. e3 f5 25. Rfa1 Rbb5 26. c4 Rxc4 27. Rxa5
Rxa5 28. Rxa5 h5 29. Ra8 h4 30. Rh8 hxg3 31. hxg3 d5 32. Kg2 f4 33. gxf4 exf4
34. exf4 Rxf4 35. Kg3 Ra4 36. Kf3 Ke6 37. Ke3 Ra3+ 38. Kd4 Rf3 39. Rh6+ f6 40.
Rh2 Rf4+ 41. Ke3 Re4+ 42. Kd3 Ra4 43. Rh5 f5 44. Rh8 Ke5 45. Re8+ Kf4 46. Rd8
Kf3 47. Rxd5 f4 48. Re5 Kxf2 49. Re2+ Kg3 50. Re8 f3 51. Ke3 Ra3+ 52. Kd2 Ra2+
53. Kd1 Ra1+ 54. Kd2 f2 55. Rg8+ Kh4 56. Rh8+ Kg5 57. Rg8+ Kh6 58. Rf8 f1=Q 59.
Rxf1 Rxf1 0-1

[Event "Mistrzostwa Woj. Podkarpackiego w szachach na 2017 r."]
[Site "Sedziszow Malopolski, Rzeszow"]
[Date "1899-12-30"]
[Round "9.3"]
[White "Lach, Tomasz"]
[Black "Pulik, Krzysztof"]
[Result "0-1"]
[WhiteTitle "I"]
[BlackTitle "k"]
[WhiteElo "1777"]
[BlackElo "2149"]

1. d4 d5 2. Bf4 e6 3. e3 c5 4. c3 Nc6 5. Nd2 Nf6 6. Bd3 Be7 7. h3 O-O 8. Ngf3 b6
9. Ne5 Bb7 10. Ndf3 Na5 11. Nd2 Ne4 12. O-O f6 13. Nef3 Rc8 14. Rc1 Bd6 15. Bxd6
Qxd6 16. Qc2 f5 17. Ne5 Nc6 18. Nxc6 Bxc6 19. Nf3 Nf6 20. Ne5 Nd7 21. Nxd7 Bxd7
22. Qd2 e5 23. f4 e4 24. Be2 c4 25. Ra1 b5 26. a3 a5 27. Rfb1 Ra8 28. Qe1 Ra7
29. Rc1 Rfa8 30. Rab1 h6 31. Qh4 Rb8 32. Ra1 Rab7 33. Bd1 b4 34. axb4 axb4 35.
Bc2 Be6 36. Qe1 bxc3 37. bxc3 Rb2 38. Ra7 Qb6 39. Ra3 Qd6 40. Ra7 Bf7 41. Qd1
Qf6 42. Qe1 Kh7 43. Kh2 Be8 44. Qg3 Qg6 45. Qh4 R8b3 46. Qe1 Rb6 47. Raa1 Qh5
48. Rab1 Rxb1 49. Rxb1 Rxb1 50. Qxb1 Qe2 51. Qc1 Bh5 52. Kg3 g5 53. Ba4 gxf4+
54. Kxf4 Qxg2 55. Qe1 Qg5+ 56. Ke5 f4+ 57. Kd6 fxe3 58. h4 Qd8+ 59. Ke5 e2 60.
Bc6 Qe7+ 61. Kf5 Bg6+ 62. Kf4 Qf6+ 63. Ke3 Qf3+ 64. Kd2 Qd3+ 65. Kc1 e3 66. Kb2
Qd2+ 0-1

[Event "Mistrzostwa Woj. Podkarpackiego w szachach na 2017 r."]
[Site "Sedziszow Malopolski, Rzeszow"]
[Date "1899-12-30"]
[Round "9.4"]
[White "Oklejewicz, Krzysztof"]
[Black "Dzwierzynski, Bartosz"]
[Result "0-1"]
[WhiteTitle "I"]
[BlackTitle "I"]
[WhiteElo "1662"]
[BlackElo "1752"]

1. g3 d5 2. Bg2 c5 3. c4 d4 4. d3 Nc6 5. Nf3 e5 6. O-O f6 7. a3 Be6 8. Bd2 a5 9.
h3 Bd6 10. Kh2 g5 11. Ng1 Qc7 12. e4 Nge7 13. Qh5+ Ng6 14. Qf3 Qe7 15. g4 Nh4
16. Qg3 h5 17. f3 Ng6 18. Qf2 Nf4 19. Bxf4 exf4 20. gxh5 Rxh5 21. Ne2 Qh7 22.
Rh1 Ne5 23. Nxd4 cxd4 24. Qxd4 Rd8 25. Nc3 Bxh3 26. Nd5 Be6+ 27. Kg1 Rxh1+ 28.
Bxh1 Bxd5 29. Qxd5 Qf7 30. Qb5+ Qd7 31. d4 Qxb5 32. cxb5 Nc4 33. Rb1 Rc8 34. a4
Ne3 35. Bg2 Nxg2 36. Kxg2 Rc4 37. e5 fxe5 38. dxe5 Bxe5 39. Re1 Rc5 40. Kh3 Kf7
41. Kg4 Kf6 42. Rh1 Kg6 43. Re1 Bf6 44. Re6 Rc2 45. Rb6 Rh2 0-1

[Event "Mistrzostwa Woj. Podkarpackiego w szachach na 2017 r."]
[Site "Sedziszow Malopolski, Rzeszow"]
[Date "1899-12-30"]
[Round "9.5"]
[White "Soja, Adam"]
[Black "Skiba, Krzysztof"]
[Result "1/2-1/2"]
[WhiteTitle "II+"]
[BlackTitle "I"]
[WhiteElo "1694"]
[BlackElo "1728"]

1. d4 d5 2. c4 e6 3. Nc3 f5 4. e3 Nf6 5. Nf3 c6 6. Be2 Bd6 7. O-O O-O 8. Qc2 Ne4
9. g3 Nd7 10. b3 Rf6 11. Bb2 Rh6 12. Kg2 Ng5 13. Rh1 Nxf3 14. Bxf3 Nf6 15. Rag1
Bd7 16. Bc1 Ne4 17. Kf1 Qf6 18. Ne2 g5 19. Bg2 g4 20. Nf4 Rf8 21. a3 b6 22. Ke1
Rc8 23. f3 gxf3 24. Bxf3 e5 25. Nd3 Ng5 26. Bg2 e4 27. Nf4 Kh8 28. Rf1 Ne6 29.
Qe2 Nxf4 30. exf4 Qe7 31. b4 Be6 32. Bb2 Qc7 33. c5 Be7 34. Kd2 Bf6 35. Rc1 Bf7
36. Ke3 Bg7 37. h3 Rf6 1/2-1/2